| 000 | 02947cam a22003254a 4500 | ||
|---|---|---|---|
| 001 | 16252414 | ||
| 005 | 20100526095924.0 | ||
| 008 | 100526s2010 enk b 001 0 eng | ||
| 020 | _a9781841139128 (cloth) | ||
| 020 | _a1841139122 (cloth) | ||
| 035 | _a(OCoLC)ocn421815199 | ||
| 040 |
_aUKM _cUKM _dBWKUK _dBWK _dYDXCP _dBWX _dCDX _dSTF _dDLC |
||
| 042 |
_aukblcatcopy _alccopycat |
||
| 082 | 0 | 0 |
_a341.52 _222 _bINT |
| 245 | 0 | 0 |
_aInternational Law and Dispute Settlement : _bNew Problems and Techniques / _cedited by Duncan French, Matthew Saul and Nigel D. White. |
| 260 |
_aOxford ; _aPortland, Or. : _bHart Pub., _c2010. |
||
| 300 |
_axxviii, 415 p. ; _c24 cm. |
||
| 490 | 1 |
_aStudies in international law ; _vv. 28 _928754 |
|
| 504 | _aIncludes bibliographical references (p. [389]-393) and index. | ||
| 505 | 0 | 0 | _aPrivate disputes and the public interest in international law / Vaughan Lowe -- The International Court of Justice and environmental disputes / Malgosia Fitzmaurice -- Complaint and grievance mechanisms in international dispute settlement / Duncan French and Richard Kirkham -- Stuck in the middle with you? Alternative approaches to realising accountability for human rights violations by business / Sorcha Macleod -- Practice and procedure of dispute settlement in individual communication cases within the Human Rights Committee and the Committee on the Elimination of Discrimination against Women : congruence or conflict? / Sandy Ghandhi -- Trends in dispute settlement in the law of the sea : towards the increasing availability of compulsory means / Robin Churchill -- The WTO dispute settlement mechanism as a new technique for settling disputes in international law / Surya P. Subedi -- Legal means of dispute settlement in the field of collective security : the quasi-judicial powers of the Security Council / Nigel D. White and Matthew Saul -- Non-compliance procedures and dispute resolution mechanisms under international environmental agreements / Karen N. Scott -- The Antarctic Treaty after 50 years / James Crawford -- Cross-border family mediation / Kisch Beevers -- Aspects of the African Court of Justice and human rights / Gino J. Naldi -- The EU, the ECHR and the effective protection of human rights for individuals / Tawhida Ahmed -- The European Court of Justice as a constitutional court : implications for the EU and international legal orders / Paul James Cardwell. |
| 650 | 0 |
_aPacific settlement of international disputes. _928755 |
|
| 653 |
_bPol _cFebruary2012 |
||
| 700 | 1 |
_aFrench, Duncan. _928756 |
|
| 700 | 1 |
_aSaul, Matthew. _928757 |
|
| 700 | 1 |
_aWhite, N. D., _d1961- _928758 |
|
| 830 | 0 |
_aStudies in international law (Oxford, England) ; _vv. 28. _928759 |
|
| 942 |
_2ddc _cBB |
||
| 999 |
_c16428 _d16428 |
||